Library Logo

রাজনীতি ও সংস্কৃতি / (Record no. 199315)

000 -LEADER
fixed length control field 00660nam a22001817a 4500
003 - CONTROL NUMBER IDENTIFIER
control field BD-DhUL
005 - DATE AND TIME OF LATEST TRANSACTION
control field 20170518113904.0
008 - FIXED-LENGTH DATA ELEMENTS--GENERAL INFORMATION
fixed length control field 170518b2002 b p|||| |||| 00| 0 b d
040 ## - CATALOGING SOURCE
Original cataloging agency BD-DhUL
Transcribing agency BD-DhUL
082 ## - DEWEY DECIMAL CLASSIFICATION NUMBER
Classification number 323.1
Item number HUR
100 #1 - MAIN ENTRY--PERSONAL NAME
Personal name হক, আবুল কাশেম ফজলুল
245 00 - TITLE STATEMENT
Title রাজনীতি ও সংস্কৃতি /
Statement of responsibility, etc. আবুল কাশেম ফজলুল হক
260 ## - PUBLICATION, DISTRIBUTION, ETC. (IMPRINT)
Place of publication, distribution, etc. ঢাকা ; চট্টগ্রাম
Name of publisher, distributor, etc. এ্যাডর্ন,
Date of publication, distribution, etc. ২০০২.
300 ## - PHYSICAL DESCRIPTION
Extent ১৪৩পৃঃ ;
Dimensions ২২সে.মি.
650 #4 - SUBJECT ADDED ENTRY--TOPICAL TERM
Topical term or geographic name as entry element রাজনীতি
650 #4 - SUBJECT ADDED ENTRY--TOPICAL TERM
Topical term or geographic name as entry element Politics
942 ## - ADDED ENTRY ELEMENTS (KOHA)
Source of classification or shelving scheme
Koha item type Books
Holdings
Price effective from Date last seen Permanent Location Not for loan Date acquired Source of classification or shelving scheme Koha item type Lost status Withdrawn status Copy number Source of acquisition Collection code Damaged status Shelving location Barcode Current Location Full call number
2017-05-182017-05-18Dhaka University LibraryNot For Loan2017-05-18 Books  1GiftNon Fiction Dr. Aftab Ahmed Collection426028Dhaka University Library323.1 HUR
Last Updated on September 15, 2019
© Dhaka University Library. All Rights Reserved|Staff Login